000 00328nam a2200133Ia 4500
005 20251222144840.0
008 251222s9999||||xx |||||||||||||| ||spa||
020 _a84-7432-864-0
082 _a370.114/H11
100 _aHaaften, Wouter Van
245 0 _aSensibilidades Morales y Educación:
264 _bGedisa
942 _cLIB
999 _c21208
_d21208